| 000 | 01473nam a2200217Ia 4500 | ||
|---|---|---|---|
| 003 | Ost | ||
| 005 | 20260507075409.0 | ||
| 008 | 260507s9999||||xx |||||||||||||| ||und|| | ||
| 040 | _cfsecg | ||
| 041 | _aara | ||
| 082 | _a500 | ||
| 100 |
_aموسى، فؤاد محمد _eمؤلف |
||
| 245 | 0 |
_aالرياضيات بنيتها المعرفية واستراتيجيات تدريسها / _c فؤاد محمد موسى |
|
| 260 |
_aالإسكندرية: _bدار ومكتبة الإسراء, _c2005 |
||
| 300 |
_a286 صفحة؛ _bإيضاحات ؛ _c24 سم |
||
| 504 | _aالمراجع ص.281 | ||
| 520 | _aيضم طبيعة الرياضيات ومحتويات مادة الرياضيات، الأهداف العامة لتدريس الرياضيات، الأهداف السلوكية لمادة الرياضيات، استراتيجيات التدريس، خطوات التدريس، استراتيجية تحقيق الهدف الأول، استراتيجية تحقيق الهدف الثاني، استراتيجية تحقيق الهدف الثالث واستراتيجية تحقيق الهدف الرابع، استراتيجية تحقيق الهدف الخامس ، استراتيجية تحقيق الهدف السادس، استراتيجية تحقيق أهداف تدريس المهارات، استراتيجية الأسئلة الشفوية | ||
| 653 | _aالرياضيات | ||
| 653 | _aالرياضيات- تعليم وتدريس | ||
| 942 | _cكتاب | ||
| 999 |
_c44358 _d44358 |
||